00322pab a2200133 454500008004000000100002000040245004200060260000900102300001300111362000800124650001800132700001900150773001900169180718b2008 xxu||||| |||| 00| 0 eng d aSethy, Minakshi aSex education - the sooner the better c2008 ap.29-32. aJan aSex education aSetty, Prabira aSocial Welfare